[Event "Bhubaneswar KIIT Cup blind"]
[Site "Bhubaneswar"]
[Date "2013.01.26"]
[Round "2"]
[White "Saikrishna, ST."]
[Black "Gaurav, Gadodi"]
[Result "1/2-1/2"]
[WhiteElo "1746"]
[BlackElo "1812"]
[PlyCount "61"]
[EventDate "2013.01.25"]
[EventType "tourn"]
[EventRounds "13"]
[EventCountry "IND"]
[SourceTitle "EXT 2015"]
[Source "ChessBase"]
[SourceDate "2014.11.20"]
[SourceVersion "1"]
[SourceVersionDate "2014.11.20"]
[SourceQuality "1"]

1. e4 e5 2. Nf3 Nc6 3. Bc4 Bc5 4. c3 Qe7 5. d3 d6 6. Nbd2 Nf6 7. 0-0 Bd7 8. a4 a6 9. Re1 h6 10. b4 Bb6 11. Bb2 g5 12. d4 0-0-0 13. a5 Ba7 14. b5 axb5 15. Bxb5 g4 16. dxe5 dxe5 17. Bxc6 Bxc6 18. a6 gxf3 19. axb7+ Kxb7 20. Qb3+ Bb6 21. Ba3 Qe6 22. Nc4 Qg4 23. Ne3 Qg6 24. Bc5 Nd7 25. Bxb6 Nxb6 26. g3 Rb8 27. Nc4 Rhe8 28. Na5+ Kc8 29. Nxc6 Qxc6 30. Qxf7 Nc4 31. Qxf3 1/2-1/2